000 00403nam a2200145Ia 4500
008 210210b1962 xxu||||| |||| 00| 0 eng d
082 _a142.78 KIEP
100 _aKIERKEGAARD (Soren).
245 _aPresent age and of the difference between a genius & an apostle.
260 _aN Y
_bHarper Corch Books
_c1962
300 _a108,iv
650 _aExistentialism
690 _aPhilosophy
906 _a040990
999 _c91056
_d91056